• 首页
  • 本馆介绍
  • 公告通知
  • 最新文献
  • 馆藏检索
  • 电子资源
  • 读者导购
  • 参考咨询
  • 我的图书馆
  • 登录
  • 详细信息显示
  • 放入我的书架
  • 预约/预借图书
  • 作者相关作品
  • 分类相关作品
  • 丛书相关作品
  • 出版社相关作品

书目信息

  • 表格格式
  • 工作单格式
  • 卡片格式
题名:
国家学
    
 
作者: 王海明 著
分册: 上  
出版信息: 北京   中国社会科学出版社  2012.9
页数: 240页
开本: 24cm
丛书名: 国家治理丛书
单 册:
中图分类: D03
科图分类:
主题词: 国家理论
电子资源:
ISBN: 978-7-5161-1687-6
000 01140nam a22002531 450
001 523
005 20140905095636.42
010    @a978-7-5161-1687-6@dCNY66.00
100    @a20140614d2012 em y0chiy50 ea
101 0  @achi@eeng
102    @aCN@b110000
105    @ay z 000yy
106    @ar
200 1  @a国家学@AGuo Jia Xue@h上@HShang@f王海明著@FWang Hai Ming Zhu
210    @a北京@c中国社会科学出版社@d2012.9
215    @a240页@d24cm
225 2  @a国家治理丛书
330    @a国家以经济形态为根据分为六大类型:原始国家(原始公有制国家)、奴隶制国家、封建制国家、资本主义国家、社会主义国家和共产主义国家。以政体为根据,国家分为四大类型:民主共和制国家、寡头共和制国家、有限君主制国家和专制君主制国家。《本性论》主要揭示这十种国家事实如何之本性。中卷《价值论》研究各种国家应该如何之价值:哪些是具有负价值的、不应该的、坏的、恶的国家;哪些是具有正价值的、应该的、好的、善的国家?那种国家堪称理想国?《价值论》的核心一方面是研究民主与专制的价值。
461  0 @12001 @a国家治理丛书
606 0  @a国家理论
690    @aD03@v5
701  0 @a王海明@AWang Hai Ming@4著
801  0 @aCN@bTANGWEI@c20140603
905    @b0840246-47@dD03@e106:1@f2
    
    国家学.上/王海明著.-北京:中国社会科学出版社,2012.9
    240页;24cm.-(国家治理丛书)
    
    
    ISBN 978-7-5161-1687-6:CNY66.00
    国家以经济形态为根据分为六大类型:原始国家(原始公有制国家)、奴隶制国家、封建制国家、资本主义国家、社会主义国家和共产主义国家。以政体为根据,国家分为四大类型:民主共和制国家、寡头共和制国家、有限君主制国家和专制君主制国家。《本性论》主要揭示这十种国家事实如何之本性。中卷《价值论》研究各种国家应该如何之价值:哪些是具有负价值的、不应该的、坏的、恶的国家;哪些是具有正价值的、应该的、好的、善的国家?那种国家堪称理想国?《价值论》的核心一方面是研究民主与专制的价值。
●
相关链接 在E读中查询图书 在五车中查询图书 在当当中查询图书 在豆瓣中查询图书


正题名:国家学     索取号:D03/106:1         预约/预借

序号 登录号 条形码 馆藏地/架位号 状态 备注
1 0840246   208402469   第一样本阅览室/ [索取号:D03/106:1] 在馆    
2 0840247   208402478   第一借阅区/ [索取号:D03/106:1] 在馆    
唐山师范学院图书馆 欢迎您!
大连网信软件有限公司© 版权所有